| 000 | 00415nam a22001697a 4500 | ||
|---|---|---|---|
| 003 | CEME | ||
| 005 | 20210628205334.0 | ||
| 008 | 210311b xxu||||| |||| 00| 0 eng d | ||
| 020 | _a0-393-09098-1 | ||
| 040 | _c. | ||
| 082 | _a658 STO'P | ||
| 100 |
_aStokey, E Zeckhauser, R _975031 |
||
| 245 | _aA primer for policy analysis | ||
| 260 |
_aNEW YORK _bW.W NORTON _c1978 |
||
| 300 | _aVIII,356P | ||
| 942 |
_cBK _2ddc |
||
| 999 |
_c580527 _d580527 |
||